[Event "Lima Santisimo Nombre de Jesus 4"]
[Site "Lima"]
[Date "2013.08.02"]
[Round "6"]
[White "Chui, Viviana"]
[Black "Chumbe, Cristopher"]
[Result "0-1"]
[WhiteElo "1597"]
[BlackElo "1978"]
[PlyCount "36"]
[EventDate "2013.07.31"]
[EventType "swiss"]
[EventRounds "8"]
[EventCountry "PER"]
[SourceTitle "EXT 2024"]
[Source "ChessBase"]
[SourceDate "2023.10.10"]
[SourceVersion "1"]
[SourceVersionDate "2023.10.10"]
[SourceQuality "1"]

1. b3 e6 2. Bb2 d5 3. g3 Nd7 4. Bg2 Ngf6 5. Nf3 c6 6. 0-0 Bd6 7. d3 e5 8. Nbd2 0-0 9. c4 d4 10. Re1 Re8 11. e3 c5 12. b4 dxe3 13. Rxe3 cxb4 14. Qe1 Ng4 15. Re2 f6 16. d4 a5 17. h3 Nh6 18. dxe5 fxe5 0-1